000
00333nam a2200133Ia 4500
008
220204s9999 xx 000 0 und d
082
_a
539.31
_b
TIM
100
_a
Gere, James M
245
0
_a
Theory of elastic stability
250
_a
Ed.2
260
_a
New York
_b
McGraw Hill
_c
1961
700
_a
Timoshenko, Stephen P
942
_c
BK
999
_c
24059
_d
24059